| 000 | 00997nam a2200265 i 4500 | ||
|---|---|---|---|
| 001 | bg | ||
| 100 | 1 | _aNAHOTKO, Sławomir. | |
| 245 | 1 | 0 |
_aEfektywność i ryzyko w procesach innowacyjnych : _b(modele i przykłady) / _cSławomir Nahotko. |
| 260 |
_aBydgoszcz : _bTNOiK [Towarzystwo Naukowe Organizacji i Kierownictwa] : _bOficyna Wydawnicza Ośrodka Postępu Organizacyjnego, _c1996. |
||
| 300 |
_a363 s. : _brys., wykr. ; _c21 cm. |
||
| 490 | 1 |
_aBiblioteka Menedżera i Służby Pracowniczej ; _vz. 33 |
|
| 504 | _aBibliogr. s. 343-355. | ||
| 650 | 9 | _aEkonometria | |
| 650 | 9 |
_aInnowacje _xstosowanie _xprzemysł |
|
| 650 | 9 |
_aPrzedsiębiorstwo _xekonomika _xteoria |
|
| 655 | _aPodręczniki akademickie | ||
| 830 | _aBiblioteka Menedżera i Służby Pracowniczej ; | ||
| 020 | _a8386827440 (OPO) | ||
| 040 | _cBPK | ||
| 041 | 0 | _apl | |
| 080 | _a658.1/.5::66/69.003:001.894:519.86](075.8) | ||
| 920 | _a83-86827-44-0 (OPO) | ||
| 942 | _cKS | ||
| 008 | s pl f |000 0 pol | ||
| 999 |
_c31889 _d31889 |
||
| 856 |
_uhttp://koha.tu.koszalin.pl/cgi-bin/koha/opac-detail.pl?biblionumber=31889 _yKatalog online BPK |
||